000 00304nam a2200121Ia 4500
008 191014s9999 xx 000 0 und d
082 _a355.02
_bVON
100 _aVon Clause, Witz
_923946
245 0 _aOn War
260 _aPakistan
_bCombine Printers Lahore
_c1986
300 _aXxxviii,314
942 _cBK
999 _c531081
_d531081